Sklad Liverpoolu 20/21 - Statystyki

Ogólne statystyki
  • Ten quiz został rozwiązany 132 razy
  • Średni wynik to 15 z 27
Statystyki odpowiedzi
pozycja PIŁKARZ % Poprawnych
BR Alisson
99%
ATK Mane
93%
ŚO Van Dijk
92%
ATK Firmino
87%
LO Robertson
85%
ŚP Henderson
82%
PO Alexander Arnold
77%
ŚO Matip
76%
ŚO Gomez
74%
ŚP Fabinho
68%
ŚP Milner
67%
BR Adrian
65%
ATK Jota
62%
ATK Origi
61%
ŚP Thiago
58%
ŚP Keita
57%
ŚP Wijnaldum
56%
ATK Minamino
37%
LO Tsimikas
36%
ŚP Jones
34%
BR Kelleher
30%
PO Williams
30%
ŚO Williams
30%
ATK Shaqiri
24%
ŚO Phillips
19%
ŚP Oxlade Chamberlain
16%
ATK Salaf
4%
Nie znaleziono quizów pasujących do podanych kryteriów
Rozkład punktacji
Procent ludzi z każdym wynikiem
Percentyl według liczby udzielonych odpowiedzi
Twoja historia wyników
Nie rozwiązałeś tego quizu